[Event "Espalion op 1st"]
[Site "Espalion"]
[Date "2016.07.16"]
[Round "9"]
[White "Rollot, Priscillia"]
[Black "Ausseil Bordignon, Aurelien"]
[Result "1-0"]
[WhiteElo "1210"]
[BlackElo "1009"]
[PlyCount "119"]
[EventDate "2016.07.09"]
[EventType "swiss"]
[EventRounds "9"]
[EventCountry "FRA"]
[SourceTitle "CBM 173 Extra"]
[Source "ChessBase"]
[SourceDate "2016.08.29"]
[SourceVersion "1"]
[SourceVersionDate "2016.08.29"]
[SourceQuality "1"]

1. e4 e5 2. Nf3 Nc6 3. Bc4 Nf6 4. Nc3 Bb4 5. d3 0-0 6. 0-0 d6 7. Bg5 Be6 8. a3 Bxc3 9. bxc3 h6 10. Be3 d5 11. exd5 Nxd5 12. Re1 Nxc3 13. Qd2 e4 14. Qxc3 exf3 15. gxf3 Bxc4 16. Qxc4 Qd6 17. Bc5 Qg6+ 18. Kh1 Rfe8 19. Rxe8+ Rxe8 20. Qb5 a6 21. Qxb7 Ne5 22. d4 Nc4 23. Qxa6 Re2 24. Qxg6 fxg6 25. Kg1 Rxc2 26. a4 h5 27. a5 Nxa5 28. Rxa5 Rc1+ 29. Kg2 h4 30. d5 g5 31. d6 cxd6 32. Bxd6 Rc4 33. Rxg5 Rc2 34. Be5 h3+ 35. Kxh3 Rxf2 36. Rxg7+ Kf8 37. Ra7 Rxf3+ 38. Kh4 Re3 39. Bd6+ Ke8 40. Kg4 Re4+ 41. Bf4 Re7 42. Rxe7+ Kxe7 43. h4 Kf7 44. Kg5 Kg7 45. h5 Kg8 46. Kg6 Kh8 47. h6 Kg8 48. h7+ Kf8 49. h8Q+ Ke7 50. Kf5 Kd7 51. Qh6 Ke7 52. Ke5 Kd7 53. Qd6+ Ke8 54. Qb8+ Ke7 55. Bg5+ Kf7 56. Qd6 Kg7 57. Qf6+ Kh7 58. Kf5 Kg8 59. Bh6 Kh7 60. Qg7# 1-0

[Event "Espalion op 1st"]
[Site "Espalion"]
[Date "2016.07.15"]
[Round "8"]
[White "Ausseil Bordignon, Aurelien"]
[Black "Ferraye, Elio"]
[Result "0-1"]
[WhiteElo "1009"]
[BlackElo "1250"]
[PlyCount "70"]
[EventDate "2016.07.09"]
[EventType "swiss"]
[EventRounds "9"]
[EventCountry "FRA"]
[SourceTitle "CBM 173 Extra"]
[Source "ChessBase"]
[SourceDate "2016.08.29"]
[SourceVersion "1"]
[SourceVersionDate "2016.08.29"]
[SourceQuality "1"]

1. e4 e5 2. Nf3 Nc6 3. Bc4 Bc5 4. 0-0 Nf6 5. Nc3 d6 6. d3 h6 7. Be3 Bb6 8. h3 0-0 9. Qd2 Nd4 10. Bxd4 Bxd4 11. Nxd4 exd4 12. Nd5 Nxd5 13. Bxd5 c6 14. Bb3 Qf6 15. c3 Qg6 16. cxd4 Bxh3 17. f4 Bd7 18. f5 Qf6 19. Rfe1 Qxd4+ 20. Qe3 Qxb2 21. Rab1 Qf6 22. e5 dxe5 23. Qxe5 Qxe5 24. Rxe5 Rfe8 25. Rbe1 Rxe5 26. Rxe5 Re8 27. Ra5 a6 28. d4 Re1+ 29. Kf2 Re4 30. d5 Re5 31. g4 Kf8 32. Kf3 Ke7 33. Kf4 f6 34. d6+ Kxd6 35. Rxe5 fxe5+ 0-1

[Event "Espalion op 1st"]
[Site "Espalion"]
[Date "2016.07.13"]
[Round "6"]
[White "Ausseil Bordignon, Aurelien"]
[Black "Lemaire, Frederic"]
[Result "0-1"]
[WhiteElo "1009"]
[BlackElo "1468"]
[PlyCount "142"]
[EventDate "2016.07.09"]
[EventType "swiss"]
[EventRounds "9"]
[EventCountry "FRA"]
[SourceTitle "CBM 173 Extra"]
[Source "ChessBase"]
[SourceDate "2016.08.29"]
[SourceVersion "1"]
[SourceVersionDate "2016.08.29"]
[SourceQuality "1"]

1. e4 e5 2. Nf3 Nc6 3. Bc4 Bc5 4. 0-0 Nf6 5. Nc3 0-0 6. d3 h6 7. Be3 Bxe3 8. fxe3 d6 9. d4 Ng4 10. Re1 Qe7 11. d5 Nd8 12. h3 Nf6 13. b4 Nh7 14. a4 Qf6 15. Rf1 Qg6 16. a5 Bxh3 17. Rf2 Bg4 18. Be2 Bd7 19. b5 f5 20. Bd3 Ng5 21. exf5 Bxf5 22. Nxg5 Qxg5 23. Bxf5 Rxf5 24. Ne4 Rxf2 25. Nxg5 Rf6 26. Ne4 Rg6 27. Qd3 Rg4 28. b6 axb6 29. Nf2 Rb4 30. c3 Rh4 31. g3 Rh5 32. g4 Rg5 33. Qb5 h5 34. Kh2 hxg4 35. Kg3 Nf7 36. Ne4 Rg6 37. Qd7 bxa5 38. Kh4 Nh6 39. Kh5 Kh7 40. Qxc7 Rf8 41. Ng5+ Rxg5+ 42. Kxg5 Rf3 43. Qxd6 Nf7+ 44. Kxg4 Nxd6 45. Kxf3 b6 46. Rb1 Nc4 47. Rd1 Nd6 48. c4 Kg8 49. Rc1 Kf7 50. c5 bxc5 51. Rxc5 a4 52. Rc6 Nb5 53. Rb6 Nc3 54. Ra6 Ke7 55. d6+ Kd7 56. e4 g6 57. Ke3 Nd1+ 58. Ke2 Nb2 59. Kd2 a3 60. Rxa3 Nc4+ 61. Ke2 Nxa3 62. Kd3 Kxd6 63. Kc3 Kc5 64. Kb3 g5 65. Kxa3 g4 66. Kb3 g3 67. Kc3 g2 68. Kd3 g1Q 69. Kd2 Kd4 70. Ke2 Kxe4 71. Kd2 Qe3+ 0-1